[Event "23. Collado Villalba"]
[Site "Collado Villalba ESP"]
[Date "2006.08.22"]
[Round "4.14"]
[White "Gavilan Diaz, Mario"]
[Black "Gago Padreny, Ignacio"]
[Result "1-0"]
[WhiteElo "2229"]
[BlackElo "2090"]
[PlyCount "91"]
[EventDate "2006.08.19"]
[EventType "swiss"]
[EventRounds "1"]
[EventCountry "ESP"]
[Source "lmi"]
[SourceDate "2006.08.21"]

1. d4 Nf6 2. c4 g6 3. Nc3 Bg7 4. e4 d6 5. f4 O-O 6. Nf3 Bg4 7. Be2 Nfd7 8. O-O
e5 9. Be3 Bxf3 10. Bxf3 Nc6 11. fxe5 dxe5 12. d5 Nd4 13. Ne2 c5 14. dxc6 Nxc6
15. Qc2 Qe7 16. Rad1 Nc5 17. a3 a5 18. Bg4 Rad8 19. Rd5 Nd4 20. Qb1 a4 21. Nc3
Rxd5 22. cxd5 Qh4 23. h3 Bh6 24. Bf2 Qe7 25. Qd1 Bg7 26. Re1 h5 27. Bf3 Qd7 28.
Be2 Ncb3 29. Bd3 b5 30. Ne2 Rb8 31. Nxd4 Nxd4 32. Qd2 Qd6 33. Qa5 Qc5 34. Kh1
Bh6 35. Qa6 Bg5 36. Rf1 Be7 37. Be3 Qd6 38. Qa7 b4 39. Bxd4 exd4 40. Qxd4 bxa3
41. e5 Qc5 42. Qf4 Rf8 43. d6 Bd8 44. Bxg6 f6 45. Qh6 Qa7 46. e6 1-0

[Event "23. Collado Villalba"]
[Site "Collado Villalba ESP"]
[Date "2006.08.22"]
[Round "4.15"]
[White "De La Fuente Gonzalez, Francisc"]
[Black "Sanchez Garcia, Manuel"]
[Result "1-0"]
[WhiteElo "2217"]
[BlackElo "2028"]
[PlyCount "65"]
[EventDate "2006.08.19"]
[EventType "swiss"]
[EventRounds "1"]
[EventCountry "ESP"]
[Source "lmi"]
[SourceDate "2006.08.21"]

1. g3 e5 2. Bg2 d5 3. c4 d4 4. d3 Bb4+ 5. Bd2 Bxd2+ 6. Nxd2 Nf6 7. Ngf3 Qe7 8.
b4 O-O 9. O-O a5 10. b5 Nbd7 11. Re1 Nc5 12. Nb3 a4 13. Nxc5 Qxc5 14. Nd2 Ra7
15. Ne4 Nxe4 16. Bxe4 Be6 17. e3 dxe3 18. Rxe3 f5 19. Bd5 Bxd5 20. Rxe5 c6 21.
Qe1 f4 22. cxd5 fxg3 23. hxg3 cxd5 24. Rc1 Qxb5 25. Re7 Ra6 26. Rcc7 Qxd3 27.
Rxg7+ Kh8 28. Rgf7 Rxf7 29. Qe8+ Kg7 30. Rxf7+ Kh6 31. Qf8+ Kg5 32. Rg7+ Rg6
33. Qf4+ 1-0

[Event "23. Collado Villalba B"]
[Site "Collado Villalba ESP"]
[Date "2006.08.22"]
[Round "4.1"]
[White "Martin Manzano, Antonio"]
[Black "Martinez Rubio, Felipe"]
[Result "1-0"]
[WhiteElo "1968"]
[BlackElo "1861"]
[PlyCount "122"]
[EventDate "2006.08.19"]
[EventType "swiss"]
[EventRounds "1"]
[EventCountry "ESP"]
[Source "lmi"]
[SourceDate "2006.08.21"]

1. e4 c5 2. Nf3 e6 3. Nc3 Nc6 4. d4 cxd4 5. Nxd4 Nf6 6. Nxc6 bxc6 7. e5 Nd5 8.
Ne4 Qa5+ 9. Bd2 Nb4 10. f4 Qd5 11. Nf2 Ba6 12. Bxa6 Nxa6 13. O-O Bc5 14. Qe2
Nc7 15. c4 Bxf2+ 16. Rxf2 Qc5 17. a3 a5 18. Rd1 Na6 19. Bc3 Qe7 20. Bxa5 O-O
21. Bc3 c5 22. Rd6 f5 23. Qd3 Nb8 24. Rd2 Rd8 25. Qe3 Rc8 26. Rd1 Ra6 27. Be1
Rxd6 28. Rxd6 Kf7 29. Bf2 h6 30. Qf3 Rc6 31. Qh5+ Kg8 32. h3 Rxd6 33. exd6 Qxd6
34. Qf3 Na6 35. Qe3 Kf7 36. Be1 Qd1 37. Kh2 d6 38. b4 Qd4 39. Qxd4 cxd4 40. Kg3
g6 41. Kf3 e5 42. g3 e4+ 43. Ke2 Ke6 44. Bf2 d3+ 45. Kd2 Kd7 46. Kc3 Nb8 47. a4
Nc6 48. Be3 Kc7 49. a5 Kb7 50. Kb3 Ne7 51. b5 Kc7 52. a6 Kb8 53. Kb4 d5 54.
cxd5 Nxd5+ 55. Kc5 Ne7 56. b6 Ka8 57. Bd2 Kb8 58. Bc3 e3 59. Be5+ Kc8 60. a7
Kd7 61. a8=Q Ke6 1-0

[Event "23. Collado Villalba B"]
[Site "Collado Villalba ESP"]
[Date "2006.08.22"]
[Round "4.2"]
[White "Pimienta Sanchez, Manuel"]
[Black "Sanchez-Alarcos Galian, Victor"]
[Result "0-1"]
[WhiteElo "1940"]
[BlackElo "1737"]
[PlyCount "106"]
[EventDate "2006.08.19"]
[EventType "swiss"]
[EventRounds "1"]
[EventCountry "ESP"]
[Source "lmi"]
[SourceDate "2006.08.21"]

1. d4 d5 2. c4 c6 3. Nc3 Nf6 4. Nf3 a6 5. Bf4 dxc4 6. a4 Nd5 7. Bg3 Bf5 8. Nd2
Nxc3 9. bxc3 b5 10. e4 Bg6 11. f4 f5 12. axb5 cxb5 13. e5 Bf7 14. Nf3 Bd5 15.
Ng5 e6 16. h4 Nc6 17. Qh5+ g6 18. Qd1 h5 19. Be2 Be7 20. Bf3 Bxg5 21. hxg5 Bxf3
22. Qxf3 Qd5 23. Qxd5 exd5 24. Kd2 Kd7 25. Bf2 Rhe8 26. Ra2 Kc7 27. Rha1 a5 28.
Rh1 b4 29. g4 b3 30. Ra4 hxg4 31. Rh7+ Re7 32. Rh6 Rg7 33. Rxc4 dxc4 34. d5 Nd8
35. Bc5 Kd7 36. Rh8 Ra6 37. Bf8 Rf7 38. Ba3 Rb6 39. Kc1 Rb5 40. e6+ Nxe6 41.
dxe6+ Kxe6 42. Rh6 Rg7 43. Bf8 Rg8 44. Ba3 Kd5 45. Rh2 Ke4 46. Bd6 Kf3 47. Be5
b2+ 48. Kb1 Re8 49. Rxb2 Rxb2+ 50. Kxb2 g3 51. Ka3 g2 52. Bd4 Re2 53. Ka4 Rf2
0-1

[Event "23. Collado Villalba B"]
[Site "Collado Villalba ESP"]
[Date "2006.08.22"]
[Round "4.4"]
[White "Toranzo Fernandez, Dionisio"]
[Black "Benito Mellado, Humberto"]
[Result "1-0"]
[WhiteElo "1935"]
[BlackElo "1689"]
[PlyCount "69"]
[EventDate "2006.08.19"]
[EventType "swiss"]
[EventRounds "1"]
[EventCountry "ESP"]
[Source "lmi"]
[SourceDate "2006.08.21"]

1. Nf3 d5 2. d4 Nf6 3. c4 c6 4. cxd5 cxd5 5. Nc3 Nc6 6. Bf4 Qb6 7. Na4 Qa5+ 8.
Bd2 Qc7 9. e3 Ne4 10. Be2 Nxd2 11. Qxd2 Bd7 12. O-O e6 13. Rfc1 Qa5 14. Qxa5
Nxa5 15. Nc5 Bxc5 16. Rxc5 b6 17. Rc7 Nc6 18. Rc1 Nb8 19. Ne5 Ke7 20. Rb7 f6
21. Nxd7 Nxd7 22. Rcc7 Rhd8 23. Bb5 Rac8 24. Rxd7+ Rxd7 25. Rxd7+ Kf8 26. Rxa7
Rc2 27. b3 e5 28. g3 exd4 29. exd4 Rd2 30. Ra6 Rxd4 31. Rxb6 Rb4 32. Rb7 d4 33.
Bc6 Rxb7 34. Bxb7 d3 35. Kf1 1-0

[Event "23. Collado Villalba B"]
[Site "Collado Villalba ESP"]
[Date "2006.08.22"]
[Round "4.5"]
[White "Avendaño Mateos, Jose"]
[Black "Osorio Ramos, Francisco"]
[Result "1/2-1/2"]
[WhiteElo "1898"]
[BlackElo "1933"]
[PlyCount "41"]
[EventDate "2006.08.19"]
[EventType "swiss"]
[EventRounds "1"]
[EventCountry "ESP"]
[Source "lmi"]
[SourceDate "2006.08.21"]

1. d4 d5 2. c4 c6 3. Nf3 Nf6 4. Nc3 a6 5. cxd5 cxd5 6. Bf4 Nc6 7. e3 Bf5 8. Bd3
Bxd3 9. Qxd3 e6 10. a3 Be7 11. h3 O-O 12. O-O h6 13. b4 b5 14. Rac1 Rc8 15. Rc2
Bd6 16. Bxd6 Qxd6 17. Rfc1 Ne7 18. Ne5 Nd7 19. Nxd7 Qxd7 20. Na2 Rc4 21. Rc3
1/2-1/2

[Event "23. Collado Villalba"]
[Site "Collado Villalba ESP"]
[Date "2006.08.23"]
[Round "5.1"]
[White "Moreno Ruiz, Javier"]
[Black "Guliev, Logman"]
[Result "1/2-1/2"]
[WhiteElo "2469"]
[BlackElo "2417"]
[PlyCount "25"]
[EventDate "2006.08.19"]
[EventType "swiss"]
[EventRounds "1"]
[EventCountry "ESP"]
[Source "lmi"]
[SourceDate "2006.08.21"]

1. d4 Nf6 2. c4 e6 3. Nc3 Bb4 4. e3 c5 5. Nge2 Ne4 6. f3 cxd4 7. Qxd4 Nxc3 8.
Nxc3 O-O 9. a3 Nc6 10. Qd3 Ne5 11. Qd4 Nc6 12. Qd3 Ne5 13. Qd4 1/2-1/2

[Event "23. Collado Villalba"]
[Site "Collado Villalba ESP"]
[Date "2006.08.23"]
[Round "5.4"]
[White "Zambrana, Oswaldo"]
[Black "Valles Moreno, Ivan"]
[Result "0-1"]
[WhiteElo "2429"]
[BlackElo "2356"]
[PlyCount "66"]
[EventDate "2006.08.19"]
[EventType "swiss"]
[EventRounds "1"]
[EventCountry "ESP"]
[Source "lmi"]
[SourceDate "2006.08.21"]

1. e4 e5 2. Nf3 Nc6 3. Bc4 Nf6 4. d3 Be7 5. O-O O-O 6. Re1 d6 7. a4 h6 8. h3
Nh7 9. Nc3 Ng5 10. Nd5 Nxf3+ 11. Qxf3 Nd4 12. Qd1 Bg5 13. Bxg5 Qxg5 14. Re3 Qd8
15. Rg3 Kh7 16. Ne3 g6 17. c3 Ne6 18. d4 Ng5 19. Qc2 c6 20. Rf1 Qe7 21. d5 Kh8
22. Bd3 Nh7 23. f4 exf4 24. Rxf4 Nf6 25. Rf1 Nd7 26. Ng4 Qh4 27. Qf2 cxd5 28.
Qd4+ Kg8 29. exd5 Qxg3 30. Rf3 Qe1+ 31. Rf1 Qd2 32. Rf4 Ne5 33. Nf6+ Kg7 0-1

[Event "23. Collado Villalba"]
[Site "Collado Villalba ESP"]
[Date "2006.08.23"]
[Round "5.5"]
[White "Semprun Martinez, Fernando"]
[Black "Vazquez Igarza, Renier"]
[Result "1/2-1/2"]
[WhiteElo "2166"]
[BlackElo "2517"]
[PlyCount "65"]
[EventDate "2006.08.19"]
[EventType "swiss"]
[EventRounds "1"]
[EventCountry "ESP"]
[Source "lmi"]
[SourceDate "2006.08.21"]

1. e4 c5 2. Nf3 d6 3. d4 cxd4 4. Nxd4 Nf6 5. Nc3 a6 6. Bg5 e6 7. f4 Nbd7 8. Qf3
Qc7 9. O-O-O Be7 10. g4 b5 11. Bxf6 Nxf6 12. g5 Nd7 13. f5 Nc5 14. g6 hxg6 15.
fxg6 fxg6 16. a3 Rb8 17. b4 Na4 18. Nxa4 bxa4 19. e5 Bg5+ 20. Kb1 dxe5 21. Bd3
Bf6 22. Qc6+ Qxc6 23. Nxc6 Rb6 24. Bxg6+ Kf8 25. Rhf1 Rxc6 26. Rd8+ Ke7 27.
Rxh8 Bd7 28. Rd1 Rc4 29. Ra8 Bb5 30. Ra7+ Kf8 31. Ra8+ Ke7 32. Ra7+ Kf8 33.
Ra8+ 1/2-1/2

[Event "23. Collado Villalba"]
[Site "Collado Villalba ESP"]
[Date "2006.08.23"]
[Round "5.7"]
[White "Cao Armillas, Jesus"]
[Black "Marholev, Dimitar"]
[Result "1/2-1/2"]
[WhiteElo "2154"]
[BlackElo "2434"]
[PlyCount "149"]
[EventDate "2006.08.19"]
[EventType "swiss"]
[EventRounds "1"]
[EventCountry "ESP"]
[Source "lmi"]
[SourceDate "2006.08.21"]

1. d4 Nf6 2. c4 g6 3. Nc3 Bg7 4. g3 O-O 5. Bg2 d6 6. Nf3 Nbd7 7. O-O e5 8. e4
exd4 9. Nxd4 a5 10. Re1 Re8 11. Be3 Nc5 12. f3 Nfd7 13. Rb1 Ne5 14. b3 f5 15.
Qc2 Ned3 16. Rf1 g5 17. Rbd1 f4 18. Bf2 Nxf2 19. Rxf2 Be5 20. g4 c6 21. Rfd2
Qb6 22. Kh1 a4 23. Nce2 axb3 24. axb3 Ra3 25. Nc1 Bd7 26. Qb1 Rea8 27. Nc2 Rxb3
28. Nxb3 Qxb3 29. Qxb3 Nxb3 30. Rd3 Nc5 31. Ra3 Rb8 32. Bf1 Kg7 33. Nb4 Ne6 34.
Nc2 Kf6 35. Ra5 Ke7 36. Kg2 h5 37. h3 Nc5 38. Rb1 Be8 39. Nb4 Bc3 40. Ra3 Bd4
41. Nc2 Be5 42. Nb4 Kd8 43. Nd3 Nd7 44. Ra5 c5 45. Nf2 Bd4 46. e5 Bxf2 47. Kxf2
Nxe5 48. Re1 hxg4 49. hxg4 Nc6 50. Ra3 Bf7 51. Be2 Ne5 52. Ra4 Kc7 53. Rh1 Bg6
54. Ra3 Rg8 55. Rh6 Bf7 56. Rh7 Kc6 57. Ra7 Kb6 58. Ra4 d5 59. cxd5 Bxd5 60.
Ra1 c4 61. Re7 Ng6 62. Rb1+ Kc5 63. Rc7+ Bc6 64. Rbxb7 Rh8 65. Bxc4 Kd6 66. Ra7
Ne5 67. Be2 Rh2+ 68. Kf1 Bxf3 69. Bxf3 Nxf3 70. Rd7+ Ke5 71. Re7+ Kd4 72. Rad7+
Kc3 73. Re2 Rh4 74. Re8 Nd2+ 75. Kf2 1/2-1/2

[Event "23. Collado Villalba"]
[Site "Collado Villalba ESP"]
[Date "2006.08.23"]
[Round "5.8"]
[White "Pogorelov, Ruslan"]
[Black "De La Fuente Gonzalez, Francisc"]
[Result "1-0"]
[WhiteElo "2395"]
[BlackElo "2217"]
[PlyCount "107"]
[EventDate "2006.08.19"]
[EventType "swiss"]
[EventRounds "1"]
[EventCountry "ESP"]
[Source "lmi"]
[SourceDate "2006.08.21"]

1. Nf3 g6 2. c4 Bg7 3. d4 c5 4. e4 cxd4 5. Nxd4 Nc6 6. Be3 Nf6 7. Nc3 Ng4 8.
Qxg4 Nxd4 9. Qd1 e5 10. Bd3 O-O 11. O-O d6 12. Rc1 Be6 13. b3 a6 14. Qd2 f5 15.
exf5 Nxf5 16. Be4 Nxe3 17. Qxe3 Qh4 18. Qd3 Bf5 19. g3 Qh3 20. Qd5+ Rf7 21.
Qxd6 Bxe4 22. Nxe4 Rd7 23. Nf6+ Bxf6 24. Qxf6 Qf5 25. Qb6 Rad8 26. c5 e4 27. c6
bxc6 28. Qxa6 Rd2 29. Qxc6 Rxa2 30. Rce1 Qd5 31. Qxd5+ Rxd5 32. Rxe4 Rb2 33.
Re7 Rf5 34. Rb7 Rf7 35. Rxf7 Kxf7 36. Rc1 Rxb3 37. Rc7+ Kg8 38. Kg2 h5 39. h3
Ra3 40. g4 hxg4 41. hxg4 Rb3 42. f3 Ra3 43. Rd7 Rb3 44. Kg3 Rb8 45. Kh4 Rb5 46.
f4 g5+ 47. fxg5 Rb8 48. Kh5 Ra8 49. Kh6 Rb8 50. g6 Ra8 51. Rd6 Rf8 52. g5 Rb8
53. g7 Ra8 54. Rf6 1-0

[Event "23. Collado Villalba"]
[Site "Collado Villalba ESP"]
[Date "2006.08.23"]
[Round "5.12"]
[White "Buijs Martin, Urtzi"]
[Black "Perez Gonzalez, Jose Manuel"]
[Result "0-1"]
[WhiteElo "2142"]
[BlackElo "2281"]
[PlyCount "120"]
[EventDate "2006.08.19"]
[EventType "swiss"]
[EventRounds "1"]
[EventCountry "ESP"]
[Source "lmi"]
[SourceDate "2006.08.21"]

1. e4 d6 2. d4 Nf6 3. Nc3 g6 4. f4 Bg7 5. Nf3 c5 6. Bb5+ Bd7 7. e5 Ng4 8. Bxd7+
Qxd7 9. d5 dxe5 10. h3 e4 11. hxg4 exf3 12. Qxf3 Na6 13. Bd2 O-O-O 14. O-O-O
Nc7 15. Be3 Bxc3 16. bxc3 Qa4 17. Bxc5 Qxa2 18. d6 Ne6 19. Bb4 a5 20. f5 axb4
21. d7+ Kb8 22. fxe6 Qa3+ 23. Kd2 Qxc3+ 24. Qxc3 bxc3+ 25. Kxc3 fxe6 26. Rde1
Rxd7 27. Rxe6 Rc8+ 28. Kb3 Rdc7 29. Rxh7 Rc3+ 30. Kb4 Rxc2 31. Rexe7 Rb2+ 32.
Ka3 Rb6 33. Rh1 Rc3+ 34. Ka2 Rc2+ 35. Ka3 Rxg2 36. Re4 Rg3+ 37. Ka4 Ka7 38. Rd4
Rgb3 39. Rd7 R3b4+ 40. Ka3 Rxg4 41. Rd8 Rg3+ 42. Ka2 Rg5 43. Rh3 Ra5+ 44. Ra3
Rxa3+ 45. Kxa3 Rb1 46. Rg8 Rg1 47. Rg7 Kb6 48. Kb4 Rg4+ 49. Kc3 Kc6 50. Rg8 b5
51. Kd3 Kc5 52. Rg7 Rg3+ 53. Kc2 b4 54. Rc7+ Kd4 55. Rd7+ Ke4 56. Rb7 b3+ 57.
Kb2 g5 58. Rb4+ Kf5 59. Rb8 Rf3 60. Rf8+ Kg4 0-1

[Event "23. Collado Villalba"]
[Site "Collado Villalba ESP"]
[Date "2006.08.23"]
[Round "5.13"]
[White "Madina Yadarola, Martin"]
[Black "Rodriguez De Castro, Ayar"]
[Result "1-0"]
[WhiteElo "2262"]
[BlackElo "2105"]
[PlyCount "57"]
[EventDate "2006.08.19"]
[EventType "swiss"]
[EventRounds "1"]
[EventCountry "ESP"]
[Source "lmi"]
[SourceDate "2006.08.21"]

1. Nf3 d5 2. b3 Nf6 3. Bb2 Bf5 4. e3 Nbd7 5. Be2 e6 6. Nh4 Bg6 7. d3 Bd6 8. Nd2
c6 9. Nxg6 hxg6 10. c4 Qe7 11. a3 a5 12. Qc2 g5 13. Nf3 g4 14. Nd4 g3 15. h3
gxf2+ 16. Kxf2 Nh5 17. Bxh5 Qh4+ 18. Ke2 Rxh5 19. g4 Rh7 20. cxd5 cxd5 21. Nb5
Qe7 22. Rac1 Nb6 23. Bd4 Rc8 24. Qd2 Rxc1 25. Qxc1 Qd8 26. Qc3 f6 27. Qxa5 Nc8
28. Qa8 e5 29. Rc1 1-0

[Event "23. Collado Villalba"]
[Site "Collado Villalba ESP"]
[Date "2006.08.23"]
[Round "5.14"]
[White "Estrada Martinez, Cesar"]
[Black "Gavilan Diaz, Mario"]
[Result "1/2-1/2"]
[WhiteElo "2135"]
[BlackElo "2229"]
[PlyCount "47"]
[EventDate "2006.08.19"]
[EventType "swiss"]
[EventRounds "1"]
[EventCountry "ESP"]
[Source "lmi"]
[SourceDate "2006.08.21"]

1. Nf3 Nf6 2. c4 e6 3. d4 d5 4. Nc3 Be7 5. Bg5 h6 6. Bh4 O-O 7. e3 b6 8. cxd5
Nxd5 9. Bxe7 Qxe7 10. Nxd5 exd5 11. Bd3 Be6 12. O-O c5 13. e4 Nd7 14. Re1 Qf6
15. exd5 Bxd5 16. Be4 Bxe4 17. Rxe4 cxd4 18. Qxd4 Qc6 19. Rae1 Nf6 20. Qc4 Qxc4
21. Rxc4 Rac8 22. Rec1 Rxc4 23. Rxc4 Rd8 24. Kf1 1/2-1/2

[Event "23. Collado Villalba"]
[Site "Collado Villalba ESP"]
[Date "2006.08.23"]
[Round "5.15"]
[White "Taboas Rodriguez, Daniel"]
[Black "Aziz Ortego, Omar Luis"]
[Result "1/2-1/2"]
[WhiteElo "2323"]
[BlackElo "2082"]
[PlyCount "54"]
[EventDate "2006.08.19"]
[EventType "swiss"]
[EventRounds "1"]
[EventCountry "ESP"]
[Source "lmi"]
[SourceDate "2006.08.21"]

1. d4 d5 2. Nf3 c6 3. c4 Nf6 4. e3 Nbd7 5. cxd5 cxd5 6. Nc3 e6 7. Bd2 Be7 8.
Rc1 a6 9. Bd3 b5 10. a4 b4 11. Na2 Qb6 12. O-O O-O 13. Qe2 Ne4 14. Ne5 Nxe5 15.
dxe5 Bb7 16. Rfd1 a5 17. Be1 Nc5 18. Bb5 Rac8 19. Nxb4 axb4 20. Bxb4 Bc6 21.
Rc2 Rfd8 22. Qf1 Kf8 23. Rdc1 Bb7 24. Qe1 Nd3 25. Bxe7+ Kxe7 26. Bxd3 Rxc2 27.
Rxc2 Bc6 1/2-1/2

[Event "23. Collado Villalba B"]
[Site "Collado Villalba ESP"]
[Date "2006.08.23"]
[Round "5.2"]
[White "Toranzo Fernandez, Dionisio"]
[Black "Martin Manzano, Antonio"]
[Result "1/2-1/2"]
[WhiteElo "1935"]
[BlackElo "1968"]
[PlyCount "120"]
[EventDate "2006.08.19"]
[EventType "swiss"]
[EventRounds "1"]
[EventCountry "ESP"]
[Source "lmi"]
[SourceDate "2006.08.21"]

1. Nf3 d5 2. d4 Nf6 3. c4 dxc4 4. Qa4+ Nbd7 5. g3 c6 6. Qxc4 Nb6 7. Qc2 Bg4 8.
Nbd2 e6 9. Bg2 Be7 10. O-O O-O 11. e4 Bh5 12. Nb3 h6 13. Be3 Bg6 14. Ne5 Bh7
15. f3 Nbd5 16. Bf2 a5 17. Nc5 b6 18. Ncd3 Nb4 19. Nxb4 Bxb4 20. Qxc6 Rc8 21.
Qa4 Qc7 22. Nd3 Qc2 23. Qxc2 Rxc2 24. Rfc1 Rfc8 25. Rxc2 Rxc2 26. Rc1 Rxc1+ 27.
Nxc1 Kf8 28. Kf1 Ke8 29. Ke2 Kd7 30. Nd3 Be7 31. Ne5+ Ke8 32. Kd3 Nd7 33. Nxd7
Kxd7 34. Kc4 Kc6 35. d5+ exd5+ 36. exd5+ Kc7 37. Bf1 Bb1 38. Kb5 Bxa2 39. Bxb6+
Kb7 40. Bxa5 Bxd5 41. Bc3 f6 42. f4 g5 43. fxg5 hxg5 44. Bd3 Kc7 45. Bd4 Kb7
46. Bc5 Bd8 47. b4 Bc7 48. Bd4 Bc6+ 49. Kc4 Bd8 50. Bf5 Kc7 51. Bc5 Bf3 52. Bf8
Kb6 53. Bc5+ Kc7 54. h4 gxh4 55. gxh4 Bh5 56. Kd4 Kc6 57. Ke4 Bc7 58. Bd4 Kb5
59. Bxf6 Kxb4 60. Be5 Bd8 1/2-1/2

[Event "23. Collado Villalba B"]
[Site "Collado Villalba ESP"]
[Date "2006.08.23"]
[Round "5.3"]
[White "Galan Aguado, Fernando"]
[Black "Rodriguez Bachiller, Luis"]
[Result "1/2-1/2"]
[WhiteElo "1869"]
[BlackElo "1917"]
[PlyCount "41"]
[EventDate "2006.08.19"]
[EventType "swiss"]
[EventRounds "1"]
[EventCountry "ESP"]
[Source "lmi"]
[SourceDate "2006.08.21"]

1. d4 Nf6 2. Nf3 g6 3. Bf4 d6 4. h3 Bg7 5. e3 O-O 6. Be2 c5 7. O-O b6 8. c3 Ba6
9. Nbd2 Bxe2 10. Qxe2 Nbd7 11. Rfe1 Re8 12. Nb3 Qc8 13. Rad1 c4 14. Nc1 d5 15.
Qc2 Ne4 16. Ne2 Ndf6 17. Ng3 Nxg3 18. Bxg3 Ne4 19. Bh2 Qf5 20. Re2 Nd6 21. Qxf5
1/2-1/2

[Event "23. Collado Villalba B"]
[Site "Collado Villalba ESP"]
[Date "2006.08.23"]
[Round "5.5"]
[White "Martinez Rubio, Felipe"]
[Black "Pimienta Sanchez, Manuel"]
[Result "1-0"]
[WhiteElo "1861"]
[BlackElo "1940"]
[PlyCount "69"]
[EventDate "2006.08.19"]
[EventType "swiss"]
[EventRounds "1"]
[EventCountry "ESP"]
[Source "lmi"]
[SourceDate "2006.08.21"]

1. d4 g6 2. e4 Bg7 3. Nc3 d6 4. f4 Nc6 5. Be3 e5 6. fxe5 dxe5 7. d5 Nce7 8.
Bb5+ Bd7 9. d6 Nc6 10. Nf3 Nd4 11. Nxd4 exd4 12. Bxd4 Bxd4 13. Qxd4 Qf6 14. e5
Qg5 15. Bxd7+ Kxd7 16. e6+ fxe6 17. Qxh8 Qe3+ 18. Ne2 cxd6 19. Rd1 e5 20. Qxh7+
Ne7 21. Qh3+ Nf5 22. Qxe3 Nxe3 23. Rd2 Rc8 24. c3 Nxg2+ 25. Kf2 Nh4 26. Ng3
Rf8+ 27. Ke2 Ke6 28. Rf1 Rh8 29. Ne4 Nf5 30. Rf2 b6 31. Rg2 Rh3 32. Rxg6+ Ke7
33. Kf1 Rf3+ 34. Kg1 Ne3 35. Rf2 1-0

[Event "23. Collado Villalba"]
[Site "Collado Villalba ESP"]
[Date "2006.08.24"]
[Round "6.1"]
[White "Guliev, Logman"]
[Black "Suba, Mihai"]
[Result "0-1"]
[WhiteElo "2417"]
[BlackElo "2533"]
[PlyCount "102"]
[EventDate "2006.08.19"]
[EventType "swiss"]
[EventRounds "1"]
[EventCountry "ESP"]
[Source "lmi"]
[SourceDate "2006.08.21"]

1. e4 c5 2. Nf3 d6 3. d4 Nf6 4. Nc3 cxd4 5. Nxd4 e6 6. f4 a6 7. Qf3 Qb6 8. Nb3
h5 9. Be3 Qc7 10. Bd3 b5 11. O-O-O Bb7 12. Rhe1 Nbd7 13. a3 Be7 14. Kb1 Rc8 15.
h3 h4 16. Qf2 g6 17. Bd4 e5 18. Be3 Rh5 19. Rf1 Kf8 20. g4 hxg3 21. Qxg3 Kg7
22. f5 Rch8 23. Rh1 Nf8 24. Rdf1 Qd8 25. Nd2 Rh4 26. Bg5 Nh5 27. Qxh4 Bxg5 28.
f6+ Bxf6 29. Qf2 Nf4 30. Qa7 Qe7 31. Qe3 N8e6 32. Ne2 Nxe2 33. Qxe2 Nf4 34. Qe3
Bc8 35. Rf3 Qb7 36. Rg3 Bh4 37. Rgg1 Bd8 38. Rg3 Bb6 39. Qf3 Rh4 40. Nf1 Nxd3
41. cxd3 Rf4 42. Qe2 Rf2 43. Qd1 b4 44. axb4 Bd4 45. Rh2 Rxh2 46. Nxh2 Qxb4 47.
Rg2 Bxh3 48. Re2 Be6 49. Nf3 Bb3 50. Qe1 Qa4 51. Nxd4 exd4 0-1

[Event "23. Collado Villalba"]
[Site "Collado Villalba ESP"]
[Date "2006.08.24"]
[Round "6.3"]
[White "Perez Gonzalez, Jose Manuel"]
[Black "Babaev, Rashad"]
[Result "1-0"]
[WhiteElo "2281"]
[BlackElo "2454"]
[PlyCount "55"]
[EventDate "2006.08.19"]
[EventType "swiss"]
[EventRounds "1"]
[EventCountry "ESP"]
[Source "lmi"]
[SourceDate "2006.08.21"]

1. e4 c5 2. Nf3 d6 3. d4 cxd4 4. Nxd4 Nf6 5. Nc3 Nc6 6. Bc4 Qb6 7. Nxc6 bxc6 8.
O-O g6 9. e5 dxe5 10. Qe2 Qd4 11. Be3 Qd6 12. Rad1 Qc7 13. f4 Bg4 14. Qf2 Bxd1
15. fxe5 Qxe5 16. Bd4 Qc7 17. Bxf6 exf6 18. Re1+ Be7 19. Qxf6 O-O-O 20. Rxe7
Qb6+ 21. Kh1 Bxc2 22. Qf1 Rd7 23. Ba6+ Kd8 24. Rxd7+ Kxd7 25. Qxf7+ Kd6 26.
Qf6+ Kc5 27. Na4+ Bxa4 28. Qe5+ 1-0

[Event "23. Collado Villalba"]
[Site "Collado Villalba ESP"]
[Date "2006.08.24"]
[Round "6.4"]
[White "Madina Yadarola, Martin"]
[Black "Pogorelov, Ruslan"]
[Result "1/2-1/2"]
[WhiteElo "2262"]
[BlackElo "2395"]
[PlyCount "135"]
[EventDate "2006.08.19"]
[EventType "swiss"]
[EventRounds "1"]
[EventCountry "ESP"]
[Source "lmi"]
[SourceDate "2006.08.21"]

1. d4 Nf6 2. Nf3 e6 3. c4 b6 4. Bf4 Bb7 5. Nc3 Bb4 6. Qb3 Bxc3+ 7. bxc3 Nc6 8.
e3 Na5 9. Qa3 Ne4 10. Bd3 d6 11. O-O O-O 12. h3 Qe7 13. Rfd1 f5 14. c5 dxc5 15.
Ne5 g5 16. Bh2 f4 17. exf4 gxf4 18. f3 Ng3 19. Re1 Qg7 20. dxc5 Rad8 21. Rad1
Rd5 22. c6 Bc8 23. Bxg3 fxg3 24. Re4 Rxe5 25. Rg4 Rg5 26. Bxh7+ Kf7 27. Rf4+
Rf5 28. Bxf5 exf5 29. Rfd4 Qf6 30. Qc1 Nxc6 31. Rc4 Ba6 32. Rf4 Kg6 33. Qe3 Qe5
34. Qxe5 Nxe5 35. Ra4 Be2 36. Re1 Rd8 37. Rd4 Rxd4 38. cxd4 Nxf3+ 39. gxf3 Bxf3
40. Re3 Bd5 41. Rxg3+ Kf6 42. a3 a5 43. Kf2 f4 44. Rc3 c6 45. Rc1 Kg5 46. Rg1+
Kh4 47. Rg4+ Kxh3 48. Rxf4 b5 49. Rf8 b4 50. a4 Kg4 51. Ke3 Bb3 52. Ra8 Bxa4
53. Rxa5 Bb3 54. Re5 Bd5 55. Kd3 Kf4 56. Re8 Kf5 57. Rb8 b3 58. Kc3 Ke6 59. Rd8
Kf5 60. Re8 Kf6 61. Re1 Kf5 62. Re5+ Kf4 63. Re2 Kf5 64. Kb4 Kf4 65. Kc5 Be4
66. Rb2 Bd5 67. Rxb3 Bxb3 68. Kxc6 1/2-1/2

[Event "23. Collado Villalba"]
[Site "Collado Villalba ESP"]
[Date "2006.08.24"]
[Round "6.8"]
[White "Marholev, Dimitar"]
[Black "Semprun Martinez, Fernando"]
[Result "1-0"]
[WhiteElo "2434"]
[BlackElo "2166"]
[PlyCount "55"]
[EventDate "2006.08.19"]
[EventType "swiss"]
[EventRounds "1"]
[EventCountry "ESP"]
[Source "lmi"]
[SourceDate "2006.08.21"]

1. e4 c5 2. Nf3 d6 3. d4 cxd4 4. Nxd4 Nf6 5. Nc3 Nc6 6. Bc4 Qb6 7. Nb3 e6 8.
O-O Be7 9. Be3 Qc7 10. f4 O-O 11. Be2 Rd8 12. Bf3 d5 13. Nb5 Qb8 14. e5 Nd7 15.
a4 a6 16. N5d4 Nxd4 17. Nxd4 Qc7 18. Qe2 b6 19. c4 Nc5 20. cxd5 exd5 21. b4 Ne6
22. Rfc1 Nxd4 23. Bxd4 Qb7 24. Qe3 Rb8 25. b5 Bf5 26. Rc6 axb5 27. axb5 Ra8 28.
Rac1 1-0

[Event "23. Collado Villalba"]
[Site "Collado Villalba ESP"]
[Date "2006.08.24"]
[Round "6.9"]
[White "Ivanovitch Balsinde, Nicolas M"]
[Black "Zambrana, Oswaldo"]
[Result "0-1"]
[WhiteElo "2140"]
[BlackElo "2429"]
[PlyCount "94"]
[EventDate "2006.08.19"]
[EventType "swiss"]
[EventRounds "1"]
[EventCountry "ESP"]
[Source "lmi"]
[SourceDate "2006.08.21"]

1. e4 c5 2. Nf3 Nc6 3. d4 cxd4 4. Nxd4 Nf6 5. Nc3 e5 6. Ndb5 d6 7. Bg5 a6 8.
Na3 b5 9. Nd5 Be7 10. Bxf6 Bxf6 11. c3 Bg5 12. Nc2 Ne7 13. Nce3 Bxe3 14. Nxe3
O-O 15. a4 Bb7 16. axb5 axb5 17. Rxa8 Bxa8 18. Bd3 d5 19. exd5 Nxd5 20. O-O
Nxe3 21. fxe3 Qg5 22. Qe2 Bxg2 23. Rf5 Qg6 24. Qxg2 Rd8 25. Be4 Qd6 26. Rf1 g6
27. h3 Kg7 28. Bc2 Qc5 29. Qf2 Qe7 30. Bb3 f5 31. Rd1 Rb8 32. Rd5 b4 33. c4 Ra8
34. Qg3 Ra1+ 35. Rd1 Rxd1+ 36. Bxd1 Qc5 37. Be2 b3 38. Qf3 Qa5 39. Qb7+ Kh6 40.
Qxb3 Qe1+ 41. Bf1 Qg3+ 42. Kh1 f4 43. Qd3 f3 44. e4 Qf2 45. c5 Kh5 46. c6 Kh4
47. c7 Kg3 0-1